Statistics for Countries of the World without the Letter "E" on a map

Click here to take the quiz!

General Stats

  • This quiz has been taken 801 times
  • The average score is 99 of 110

Answers on the Map

Answers color-coded by a green-red scale on the quiz's map according to % correct below.
 

Answer Stats

Country% Correct
Canada
99%
Brazil
97%
China
97%
Russia
97%
Australia
96%
Cuba
96%
India
96%
Italy
96%
Japan
96%
Norway
96%
Portugal
96%
South Africa
96%
Spain
96%
Colombia
95%
Finland
95%
Mongolia
95%
Pakistan
95%
Paraguay
95%
Uruguay
95%
Austria
94%
Chad
94%
Iran
94%
Iraq
94%
Madagascar
94%
Morocco
94%
Panama
94%
Poland
94%
Saudi Arabia
94%
Sudan
94%
Thailand
94%
Afghanistan
93%
Bolivia
93%
Hungary
93%
Kazakhstan
93%
Laos
93%
Latvia
93%
Libya
93%
Oman
93%
South Sudan
93%
Angola
92%
Bahamas
92%
Bulgaria
92%
Costa Rica
92%
Croatia
92%
Guyana
92%
Honduras
92%
Lithuania
92%
Mali
92%
Nicaragua
92%
Romania
92%
Somalia
92%
Syria
92%
Togo
92%
Albania
91%
Cambodia
91%
Haiti
91%
Jordan
91%
Malaysia
91%
Sri Lanka
91%
Tunisia
91%
Zambia
91%
Botswana
90%
Jamaica
90%
Moldova
90%
Myanmar
90%
Namibia
90%
Slovakia
90%
Taiwan
90%
Tanzania
90%
Bhutan
89%
Fiji
89%
Ghana
89%
Kuwait
89%
Qatar
89%
Cyprus
88%
Kosovo
88%
Kyrgyzstan
88%
Malta
88%
Mauritania
88%
Djibouti
87%
Malawi
87%
Tajikistan
87%
Uganda
87%
Marshall Islands
86%
Rwanda
86%
Samoa
86%
Solomon Islands
86%
Tonga
86%
Burkina Faso
85%
Burundi
85%
Gabon
85%
Ivory Coast
85%
Kiribati
85%
Nauru
85%
Palau
85%
Tuvalu
85%
Vanuatu
85%
Comoros
84%
Mauritius
84%
Barbados
83%
Dominica
83%
Saint Lucia
83%
San Marino
83%
Vatican City
83%
Antigua and Barbuda
82%
Trinidad and Tobago
82%
Andorra
81%
Bahrain
81%
Gambia
81%
Monaco
79%

Score Distribution

Percentile by Number Answered

Percent of People with Each Score

Your Score History

You have not taken this quiz